Proceso y principios (Registro nro. 171493)

Detalles MARC
000 -LEADER
fixed length control field 02492nam a22002537a 4500
007 - PHYSICAL DESCRIPTION FIXED FIELD--GENERAL INFORMATION
fixed length control field cr|||| |||
008 - FIXED-LENGTH DATA ELEMENTS--GENERAL INFORMATION
fixed length control field 220502s2020 es |||||s|||| 00||0 spa d
020 ## - INTERNATIONAL STANDARD BOOK NUMBER
International Standard Book Number 978-84-122527-9-8
035 ## -
-- 35595
040 ## - CATALOGING SOURCE
Original cataloging agency vLex
090 ## -
-- 13257
-- 13257
100 1# - MAIN ENTRY--PERSONAL NAME
Personal name Ríos Muñoz, Luis Patricio
245 10 - TITLE STATEMENT
Title Proceso y principios
Medium [Recurso electrónico] :
Remainder of title Una aproximación a los principios procesales /
Statement of responsibility, etc Luis Patricio Ríos Muñoz
256 ## -
-- Servicio en línea
260 ## - PUBLICATION, DISTRIBUTION, ETC. (IMPRINT)
Place of publication, distribution, etc Barcelona:
Name of publisher, distributor, etc J.M. Bosch Editor,
Date of publication, distribution, etc 2020
300 ## - PHYSICAL DESCRIPTION
Extent 1 recurso electrónico
500 ## - GENERAL NOTE
General note Los Principios Procesales son directrices orientadas a optimizar el desenvolvimiento del Proceso Judicial. Por ello, referirse a los Principios Procesales es referirse al Proceso Judicial, y viceversa, puesto que todo Proceso Judicial que se precie de tal, debe contemplar un mínimo de principios garantes, sin los cuales degenerará en algo distinto. El presente libro pretende aproximarse a responder ¿qué son los principios procesales?, ¿para qué sirven?, ¿cuál es su origen?, ¿es el Debido Proceso el gran «mega principio»? Para responder a estas interrogantes, la obra reformula el alto número de principios procesales a cuatro grandes categorías conceptuales: (a) Principios garantes del Proceso —con rango constitucional o convencional y sin los cuales sencillamente no podría hablarse de Proceso—; (b) Principios procesales específicos o stricto sensu —que inciden en el mejor desenvolvimiento de los diferentes tipos de procesos—; (c) Reglas técnicas —similares a los actuales principios del procedimiento—; (d) y Sistemas —como conjuntos organizados de principios y reglas—. Destacan la manera —crítica y multidisciplinar— como la obra trabaja el tema escogido, teniendo en cuenta el pensamiento de procesalistas y filósofos del Derecho. Se trata pues, de una obra que cumple su objetivo, al ser un estudio efectuado en profundidad, documentado y coherente, sobre la comprensión de los Principios Procesales.
506 1# - RESTRICTIONS ON ACCESS NOTE
Terms governing access Disponible solo en los productos indicados
Authorized users vLex Global
-- vLex Global (Academic Edition, excluding Law Schools)
-- vLex Global (U.S. Academic Edition, Law Schools)
-- vLex Global (U.S. Academic Edition, excluding Law Schools)
-- vLex Global (Academic Edition, Law Schools)
650 04 - SUBJECT ADDED ENTRY--TOPICAL TERM
Topical term or geographic name as entry element Derecho Procesal
Geographic subdivision España
740 0# -
-- vLex Libros (Servicio en línea)
856 40 - LOCALIZACIÓN Y ACCESO ELECTRÓNICO
Identificador Uniforme del Recurso (URI/URL) https://app.vlex.com/#/sources/35595
942 ## -
-- RAA
999 ## -
-- 171493
-- 171493

No hay ítems disponibles.


CONTACTO


NOSOTROS


SITIOS DE INTERES

coordinacion.biblioteca.biblioteca@unienlinea.mx Misión, Visión y Objetivos Bases de datos
Directorio Bibliotecas Digitales y Repositorios
Normatividad Revistas y artículos
Convenios interbibliotecarios
Boletines



Hecho en México. Universidad Insurgentes (UIN). Todos los derechos reservados 2024. Esta página y sus contenidos pueden ser reproducidos con fines no lucrativos, siempre y cuando no se mutile, se cite la fuente completa y su dirección electrónicas. De otra forma requiere permiso previo por escrito de la institución




2024 Copyright Universidad Insurgentes | www.bibliouin.com.mx